Múza : příběh loňského léta /

Hlavní autor: Marboe, Marcella, 1946-
Jazyk: Čeština
Vydáno: Praha : Erika, 2003
Vydání: Vyd. 1.
Edice: Dívky v sedle
Témata:
Externí odkaz: Digitalizovaný dokument
Fyzický popis: 135 s. ; 21 cm
Knihy
Uloženo v:
LEADER 01219nam a2200349 a 4500
001 000694893
003 CZ BrMZK
005 20080512123313.0
007 ta
008 031030s2003 xr c 000 f cze d
015 |a cnb001284049 
020 |a 80-7190-074-5  |q (váz.) 
035 |a (OCoLC)53859883 
040 |a BOA001  |b cze 
072 7 |a 821-93  |x Literatura pro děti a mládež (beletrie)  |2 Konspekt  |9 26 
072 7 |a 821.162.3-3  |x Česká próza  |2 Konspekt  |9 25 
080 |a 821-93  |2 MRF 
080 |a 821.162.3-31  |2 MRF 
080 |a (0:82-31)  |2 MRF 
100 1 |a Marboe, Marcella,  |d 1946-  |7 jk01080073  |4 aut 
245 1 0 |a Múza :  |b příběh loňského léta /  |c Marcella Marboe 
250 |a Vyd. 1. 
260 |a Praha :  |b Erika,  |c 2003 
300 |a 135 s. ;  |c 21 cm 
490 1 |a Dívky v sedle 
655 7 |a české romány  |7 fd133974  |2 czenas 
655 7 |a publikace pro mládež  |7 fd133157  |2 czenas 
830 0 |a Dívky v sedle  |0 s 
856 4 1 |u http://www.digitalniknihovna.cz/mzk/uuid/uuid:2edf96b0-e793-11e2-9923-005056827e52  |y Digitalizovaný dokument  |x NDK 
910 |a BOA001  |b 2-1125.105 
990 |a BK 
996 6 |b 2610201287  |c 2-1125.105  |l MZK  |r Sklad / do 1 hodiny  |n 0  |p p.v.  |w 000694893  |u 000010  |a 1  |e BOA001  |j MZK50  |s P